000 01099cab a22002055a 4500
001 L146643
008 090210s2009 xxk f g 000 0 eng d
035 _a(Sirsi) u146643
041 0 _aeng
100 1 _aKataora, Manjit
245 0 0 _aDefaulting tenants
_brecovering unpaid money
260 _c2009
490 _aLetting Update Journal
_v(4) 16 January 2009, 22-23(2)
520 _aArticle looks at the options available to landlords in the event of tenant default. Suggests that landlord insurance may be a reasonable investment, as the costs for bringing a legal case for even small defaults can quickly add up. Also discusses attachment of earnings orders, bankruptcy and charging orders. Closes by suggesting that a pro-active approach of coaxing monies from a tenant in default may prove more effective than aggressive negotiations, no matter how tempting they may seem upon first inspection.
590 _aKA
650 2 4 _aATTACHMENT OF EARNINGS ACT 1971
651 4 _aEngland and Wales
_y1543-
690 _aPROPERTY-RESIDENTIAL PROPERTY-RESIDENTIAL LANDLORD AND TENANT
942 _n0
999 _c81219
_d81219